00556nam a22001817a 4500999001900000003000500019038001100024082001600035100002400051245003800075260004500113300001300158500001500171880003400186880004800220942001200268952009400280 c523713d523713NUST awaseem a891.42bAHS aAshan, Afzal914485 aRan Talwar Te Gora /cAfzal Ashan aLahore :bManzoor Printing Press,c1981. a134 p. ; aPaperback. 6100-02\raافضل احسان 6245-02\raرن تلوار تے گھوڑا / 2ddccBK 00102ddc4070aCLbCLd2019-05-22l0o891.42 AHSpCL-E-2189r2019-05-22w2019-05-22yBK